000 00579naa a2200193 4500
001 108564
003 ES-MaBCM
005 20241016140249.0
008 050519s2005 fra|r0p 0 ||fre d
021 _axx
035 _a(OCoLC)1365117761
040 _cES-MaBCM
100 1 _aTallard, Michèle
_961711
245 0 0 _aLa formation professionnelle tout au long de la vie
_cMichèle Tallard
650 1 7 _aFormación profesional
_958741
651 1 4 _aFrancia
_9115364
773 0 _aEn:
_t. Regards sur l'actualité
_dParis
_w104654
_gNº 309 (mars 2005), p. 19-32
942 _cAREV
999 _c108564
_d108564